| 000 | 00569nam a22001577a 4500 | ||
|---|---|---|---|
| 008 | 230914b |||||||| |||| 00| 0 eng d | ||
| 020 | _a9787113297228 | ||
| 050 |
_aLC1042.5 _b .J56 2022 |
||
| 100 | _aJingQuan, Lv | ||
| 245 |
_aEPIP : _bModeling Principle discourse application/ _cLv JingQuan,Zhai Fengjie,Zhang Lei |
||
| 260 |
_aChina : _bChina Railway Press, _c2022 |
||
| 300 | _a119p. ; | ||
| 490 | _aBook series for luban workshop international development research | ||
| 650 | _aVocational Training | ||
| 942 |
_2lcc _cBOOKS _hLC1042.5 .J56 2022 |
||
| 999 |
_c31850 _d31850 |
||